| 000 | 00393nam a22001457a 4500 | ||
|---|---|---|---|
| 003 | macl | ||
| 005 | 20190830152820.0 | ||
| 008 | 190830b xxu||||| |||| 00| 0 eng d | ||
| 040 | _cmacl | ||
| 100 |
_aMishra, Umesh _976492 |
||
| 245 | _aDictionary of Information Technology | ||
| 260 |
_aGuwahati _bKritika Marketing and Publishing _c2018 |
||
| 650 |
_aDictionary _976493 |
||
| 942 |
_2ddc _cBK |
||
| 999 |
_c60901 _d60901 |
||